Miejscowości z Bazylikami w Polsce - Statystyki

Ogólne statystyki
  • Ten quiz został rozwiązany 20 razy
    18 od ostatniego zresetowania
  • Średni wynik to 48 z 153
Statystyki odpowiedzi
Nazwa Świątyni Miejscowość % Poprawnych
Bazylika Archikatedralna Św. Jana Chrzciciela | Bazylika Katedralna Św. Michała Archanioła i św. Floriana | Bazylika Serca Jezusowego | Bazylika Świętego Krzyża Warszawa
91%
Bazylika Archikatedralna Świętej Rodziny | Bazylika Jasnogórska Wniebowzięcia NMP Częstochowa
82%
Bazylika św. Brygidy | Bazylika Konkatedralna Wniebowzięcia NMP - Mariacka | Bazylika św. Mikołaja Gdańsk
82%
Bazylika Archikatedralna Świętej Trójcy Gdańsk (Oliwa)
82%
Bazylika św. Szczepana i Matki Bożej Boguckiej Katowice
82%
Bazylika Św. Ludwika Króla i Wniebowzięcia NMP Katowice (Panewniki)
82%
Bazylika Bożego Ciała | Bazylika Krzyża Świętego | Bazylika Mariacka Wniebowzięcia MNP | +7 others Kraków
82%
Bazylika Bożego Miłosierdzia Kraków (Łagiewniki)
82%
Bazylika Archikatedralna Św. Ap. Piotra i Pawła | Bazylika Kolegiacka Matki Bożej Nieustającej Pomocy, św. Marii Magdaleny i św. Stanisława Biskupa | Bazylika św. Józefa Poznań
73%
Bazylika Wniebowzięcia NMP Rzeszów
73%
Bazylika Garnizonowa św. Elżbiety Wrocław
73%
Bazylika Archikatedralna Wniebowzięcia NMP Białystok
64%
Bazylika Św. Stanisława Biskupa i Męczennika Lublin
64%
Bazylika Archikatedralna Św. Jakuba Apostoła Olsztyn
64%
Bazylika Archikatedralna Wniebowzięcia NMP i Św. Jana Przemyśl
64%
Bazylika Archikatedralna św. Jakuba Ap. | Bazylika św. Jana Chrzciciela Szczecin
64%
Bazylika Katedralna Świętych Janów Toruń
64%
Bazylika Matki Boskiej Królowej Męczenników | Bazylika św. Wincentego a Paulo Bydgoszcz
55%
Bazylika Kolegiacka Najświętszej Maryi Panny Królowej Polski Gdynia
55%
Bazylika Archikatedralna św. Stanisława Kostki Łódź
55%
Bazylika św. Kazimierza Królewicza Radom
55%
Bazylika Nawiedzenia Najświętszej Maryi Panny Bielsko-Biała
45%
Bazylika Archikatedralna Wniebowzięcia NMP i św. Wojciecha Gniezno
45%
Bazylika Wniebowzięcia NMP Kalisz
45%
Bazylika Kolegiacka św. Małgorzaty Nowy Sącz
45%
Bazylika Katedralna NMP Mazowieckiej Płock
45%
Bazylika Katedralna Narodzenia NMP Tarnów
45%
Bazylika Katedralna Wniebowzięcia NMP Włocławek
45%
Bazylika kolegiacka św.Mikołaja Biskupa Grudziądz
36%
Bazylika Katedralna Wniebowzięcia NMP Kielce
36%
Bazylika Najświętszej Maryi Panny Licheńskiej Licheń Stary
36%
Bazylika Katedralna Wniebowzięcia NMP Łowicz
36%
Bazylika NMP i św. Bartłomieja Piekary Śląskie
36%
Bazylika Katedralna Narodzenia NMP Sandomierz
36%
Bazylika Katedralna Wniebowzięcia NMP Sosnowiec
36%
Bazylika św. Marii Magdaleny w Tychach Tychy
36%
Bazylika Wniebowzięcia NMP Zduńska Wola
36%
Bazylika Najświętszego Serca Jezusowego Augustów
27%
Bazylika Ścięcia św. Jana Chrzciciela Chojnice
27%
Bazylika Matki Bożej Anielskiej Dąbrowa Górnicza
27%
Bazylika Najświętszego Serca Pana Jezusa Dąbrowa Górnicza (Strzemieszyce)
27%
Bazylika Archikatedralna Wniebowzięcia NMP Frombork
27%
Bazylika Narodzenia NMP Gorlice
27%
Bazylika Imienia NMP Inowrocław
27%
Bazylika Świętych Erazma i Pankracego Jelenia Góra
27%
Bazylika Konkatedralna Wniebowzięcia NMP Kołobrzeg
27%
Bazylika Trójcy Przenajświętszej Krosno
27%
Bazylika św. Jakuba Apostoła Piotrków Trybunalski
27%
Bazylika św. Antoniego Padewskiego Rybnik
27%
Bazylika Kolegiacka Wszystkich Świętych Sieradz
27%
Bazylika Konkatedralna MB Królowej Polski Stalowa Wola
27%
Bazylika Ofiarowania NMP Wadowice
27%
Bazylika Narodzenia NMP i św. Mikołaja Bielsk Podlaski
18%
Bazylika Wniebowzięcia NMP i św. Mikołaja Bolesławiec
18%
Bazylika Narodzenia NMP Gietrzwałd
18%
Bazylika – Sanktuarium Świętogórskiej Róży Duchownej / Bazylika pw. Niepokalanego Poczęcia NMP i św. Filipa Neri Głogówko
18%
Bazylika Najświętszej Panny Marii Jarosław
18%
Bazylika Wniebowzięcia NMP Krzeszów
18%
Bazylika Kolegiacka św. Mikołaja Leszno
18%
Bazylika Grobu Bożego Miechów
18%
Bazylika Świętego Mateusza Apostoła i Ewangelisty Mielec
18%
Bazylika św. Wojciecha Mikołów
18%
Bazylika NMP Niepokalanego Poczęcia NMP Niepokalanów
18%
Bazylika Trójcy Świętej Nowa Słupia (Święty Krzyż)
18%
Bazylika Św. Jakuba Starszego i Św. Agnieszki Panny Męczennicy Nysa
18%
Bazylika św. Jana Apostoła Oleśnica
18%
Bazylika Kolegiacka Św. Andrzeja Apostoła Olkusz
18%
Bazylika Katedralna Wniebowzięcia NMP Pelplin
18%
Bazylika Kolegiacka Zwiastowania NMP Pułtusk
18%
Bazylika Nawiedzenia NMP Sejny
18%
Bazylika św. Jadwigi Śląskiej Trzebnica
18%
Bazylika Wniebowzięcia NMP i św. Wojciecha Trzemeszno
18%
Bazylika Wniebowzięcia NMP Węgrów
18%
Bazylika Kolegiacka św. Mikołaja Bochnia
9%
Bazylika św. Katarzyny Braniewo
9%
Bazylika Konkatedralna Trójcy Świętej Chełmża
9%
Bazylika Wniebowzięcia NMP Gidle
9%
Bazylika kolegiacka Świętej Trójcy Janów Podlaski
9%
Bazylika Znalezienia Krzyża Świętego Kalwaria Pacławska
9%
Bazylika NMP Kalwaria Zebrzydowska
9%
Bazylika kolegiacka św. Jerzego Kętrzyn
9%
Bazylika Trójcy Świętej Kobyłka
9%
Bazylika św. Anny Kodeń
9%
Bazylika Kolegiacka Wniebowzięcia NMP Koronowo
9%
Bazylika Św. Ap. Piotra i Pawła Kruszwica
9%
Bazylika Zwiastowania NMP Leżajsk
9%
Bazylika Matki Boskiej Bolesnej Limanowa
9%
Bazylika św. Anny Lubartów
9%
Bazylika Matki Bożej Królowej Podhala Ludźmierz
9%
Bazylika kolegiacka Trójcy Przenajświętszej Myszyniec
9%
Bazylika św. Tomasza Apostoła Nowe Miasto Lubawskie
9%
Bazylika św. Marcina Pacanów
9%
Bazylika św. Jana Chrzciciela Parczew
9%
Bazylika Trójcy Przenajświętszej i św. Anny Prostyń
9%
Bazylika Narodzenia NMP Pszów
9%
Bazylika Matki Bożej Rokitniańskiej Rokitno
9%
Bazylika Wniebowzięcia NMP Rudy
9%
Bazylika św. Mikołaja Rychwałd
9%
Bazylika Matki Bożej Miłosierdzia Skarżysko-Kamienna
9%
Bazylika Wniebowzięcia NMP Stara Wieś
9%
Bazylika Nawiedzenia NMP Stoczek
9%
Bazylika Nawiedzenia NMP Święta Lipka
9%
Bazylika Kolegiacka Matki Bożej Pocieszenia i św. Stanisława Biskupa Szamotuły
9%
Bazylika Nawiedzenia NMP i św. Stanisława Biskupa i Męczennika Tuchów
9%
Bazylika Kolegiacka Wniebowzięcia Najświętszej Maryi Panny Uniejów
9%
Bazylika Nawiedzenia NMP Wambierzyce
9%
Bazylika Kolegiacka Narodzenia NMP Wiślica
9%
Bazylika Św. Apostołów Piotra i Pawła Zawiercie
9%
Bazylika Nawiedzenia NMP Bardo Śląskie
0%
Bazylika Kolegiacka Przemienienia Pańskiego Brzozowie
0%
Bazylika Narodzenia NMP Chełm Lubelski
0%
Bazylika Kolegiacka Zwiastowania NMP Czerwińsk nad Wisłą
0%
Bazylika Matki Bożej Saletyńskiej Dębowiec
0%
Bazylika Kolegiacka Najświętszego Zbawiciela Dobre Miasto
0%
Bazylika św. Anny Góra Świętej Anny
0%
Bazylika Św. Katarzyny Aleksandryjskiej Grybów
0%
Bazylika św. Jana Chrzciciela Krotoszyn
0%
Bazylika kolegiacka Podwyższenia Krzyża Świętego i św. Jadwigi Śląskiej Legnickie Pole
0%
Bazylika Narodzenia NMP i Św. Ap. Piotra i Pawła Leśna Podlaska
0%
Bazylika Nawiedzenia Najświętszej Maryi Panny Markowice
0%
Bazylika Ducha Świętego Przeworsk
0%
Bazylika św. Antoniego z Padwy Radecznica
0%
Bazylika Najświętszej Maryi Panny Niepokalanie Poczętej Rataje (Górka Klasztorna)
0%
Bazylika Ofiarowania NMP Różanystok
0%
Bazylika Wniebowzięcia Najświętszej Maryi Panny Skrzatusz
0%
Bazylika Wniebowzięcia NMP Sokoły
0%
Bazylika Kolegiacka Wniebowzięcia Najświętszej Maryi Panny Środa Wielkopolska
0%
Bazylika Św. Ap. Piotra i Pawła Strzegom
0%
Bazylika Świętej Rodziny Studzianna
0%
Bazylika św. Marii Magdaleny i św. Stanisława Biskupa Męczennika Szczepanów
0%
Bazylika Najświętszego Serca Pana Jezusa Trzebinia
0%
Bazylika NMP Wspomożycielki Wiernych Twardogóra
0%
Bazylika Św. Wojciecha Wąwolnica
0%
Bazylika św. Jerzego Ziębice
0%
Nie znaleziono quizów pasujących do podanych kryteriów
Rozkład punktacji
Procent ludzi z każdym wynikiem
Percentyl według liczby udzielonych odpowiedzi
Twoja historia wyników
Nie rozwiązałeś tego quizu od ostatniego zresetowania